Central Library OPAC University of Rajshahi
Normal view MARC view

Entry Topical Term

Number of records used in: 2

001 - CONTROL NUMBER

  • control field: 8142

003 - CONTROL NUMBER IDENTIFIER

  • control field: BD-RjUL

005 - DATE AND TIME OF LATEST TRANSACTION

  • control field: 20230726150956.0

008 - FIXED-LENGTH DATA ELEMENTS

  • fixed length control field: 230726|| aca||aabn | a|a d

040 ## - CATALOGING SOURCE

  • Original cataloging agency: BD-RjUL
  • Transcribing agency: BD-RjUL

150 ## - HEADING--TOPICAL TERM

  • Topical term or geographic name entry element: Bengali songs
  • General subdivision: History and Criticism

670 ## - SOURCE DATA FOUND

  • Source citation: Work cat.: (BD-RjUL)81608: মুরশিদ, গোলাম 8140, বাংলা গানের ইতিহাস /, ২০২২